| 000 | 00784nas a2200241 4500 | ||
|---|---|---|---|
| 001 | BR0700636 | ||
| 003 | BR-BrBNA | ||
| 005 | 20231205110531.0 | ||
| 007 | ta | ||
| 008 | 230509b bl.|||p| |||| 00| 00por d | ||
| 040 |
_aBR-BrBNA _bpor _cBiblioteca Nacional de Agricultura |
||
| 041 | _a(Pt) | ||
| 072 | _aL72 | ||
| 100 | 1 | _aRibeiro, A. de L. | |
| 100 | 1 | _aFaccini, J.L.H. | |
| 100 | 1 | _aDaemon, E. | |
| 245 | 1 | _aEstudo das variações morfológicas de Rhipicephalus sanguineus (Latreille, 1806)(Acari: Ixodidae)no Brasil | |
| 650 | _aCARRAPATO | ||
| 650 | _aBIOLOGIA | ||
| 773 | 0 |
_tRevista Universidade Rural. Série Ciências da Vida (Brazil) _xISSN 0104-7264 _g(Dec 1996), v. 18(1-2) p. 25-33 _wBR0700636 |
|
| 909 |
_a202311 _bLúcia _c55 _dLúcia Elande |
||
| 942 |
_2AGRIS _n0 _cANA |
||
| 999 |
_c187785 _d187785 |
||